|
|
|
|
| LEADER |
00000nam0a2200000 4500 |
| 001 |
158882 |
| 005 |
20231101222053.0 |
| 035 |
|
|
|a (RuTPU)RU\TPU\book\172314
|
| 090 |
|
|
|a 158882
|
| 100 |
|
|
|a 20090429d2000 k y0rusy50 ca
|
| 101 |
0 |
|
|a rus
|
| 102 |
|
|
|a RU
|
| 105 |
|
|
|a y l 000zy
|
| 200 |
1 |
|
|a Нормы расхода материалов на РЭН, при капремонте нефтепромысловых трубопроводов, текущем и капитальном ремонте скважин для нефтегазодобывающих предприятий
|e сборник
|f Всероссийский научно-исследовательский институт организации, управления и экономики нефтегазовой промышленности (ОАО ВНИИОЭНГ)
|
| 210 |
|
|
|a Москва
|c ВНИИОЭНГ
|d 2000
|
| 215 |
|
|
|a 113 с.
|
| 606 |
1 |
|
|a Нефтяные скважины
|x Капитальный ремонт
|x Нормирование трудоемкости
|2 stltpush
|3 (RuTPU)RU\TPU\subj\46130
|9 65315
|
| 606 |
1 |
|
|a Нефтедобывающие предприятия
|x Материально-техническое снабжение
|2 stltpush
|3 (RuTPU)RU\TPU\subj\45658
|9 64851
|
| 610 |
1 |
|
|a нефтегазодобыващее производство
|
| 610 |
1 |
|
|a трубопроводы
|
| 610 |
1 |
|
|a ремонт
|
| 610 |
1 |
|
|a материалы
|
| 610 |
1 |
|
|a расход
|
| 610 |
1 |
|
|a нормы
|
| 610 |
1 |
|
|a ремонтно-эксплуатационные нужды
|
| 610 |
1 |
|
|a аналитические работы
|
| 610 |
1 |
|
|a проектные работы
|
| 610 |
1 |
|
|a нормативы
|
| 675 |
|
|
|a 622.276.66
|v 3
|
| 675 |
|
|
|a 622.323.012:658.7
|v 3
|
| 712 |
0 |
2 |
|a Всероссийский научно-исследовательский институт организации, управления и экономики нефтегазовой промышленности (ОАО ВНИИОЭНГ)
|2 stltpush
|3 (RuTPU)RU\TPU\col\5641
|
| 801 |
|
1 |
|a RU
|b 63413507
|c 20090429
|g PSBO
|
| 801 |
|
2 |
|a RU
|b 63413507
|c 20091021
|g RCR
|
| 942 |
|
|
|c BK
|
| 959 |
|
|
|a 56/20090428
|d 1
|e 6000,00
|f ЧЗТЛ:1
|